| 000 | 01670cam a22003614a 4500 | ||
|---|---|---|---|
| 001 | 13599101 | ||
| 003 | ARRUPE | ||
| 005 | 20220510081705.0 | ||
| 008 | 040520s2004 dcub b 001 0 eng | ||
| 010 | _a 2004052131 | ||
| 020 | _a158834214X (alk. paper) | ||
| 020 | _a9781588342140 (alk. paper) | ||
| 035 | _a(OCoLC)ocm55518162 | ||
| 040 |
_aDLC _cDLC _dYDX _dGZM _dOCLCQ _dOCL _dBAKER _dBTCTA _dLVB _dYDXCP _dEXW _dJRA _dDLC |
||
| 042 | _apcc | ||
| 043 | _af------ | ||
| 050 | 0 | 0 |
_aJQ1875.A55 _bC6378 2004 |
| 082 | 0 | 0 |
_a960.3/2 _222 |
| 100 | 1 |
_aGuest, Robert. _910546 |
|
| 245 | 1 | 4 |
_aThe shackled continent : _bAfrica's past, present and future/ _cRobert Guest. |
| 260 |
_aLondon : _bMacMillan, _c2004. |
||
| 300 |
_a280 p. : _b1 map ; _c24 cm. |
||
| 504 | _aIncludes bibliographical references (p. 259-273) and index. | ||
| 505 | 0 | 0 |
_tIntroduction: Why Is Africa So Poor? -- _tThe Vampire State -- _tDigging Diamonds, Digging Graves -- _tNo Title -- _tSex and Death -- _tThe Son of a Snake is a Snake -- _tFair Aid, Free Trade -- _tOf Potholes and Grasping Gendarmes -- _tWiring the Wilderness -- _tBeyond the Rainbow Nation -- _tConclusion: One Step at a Time. |
| 520 | _aDonated by Friends of the Library. | ||
| 610 | 2 | 0 |
_aContinental Organization for Global Co-operation Against Poverty in Africa. _910547 |
| 650 | 0 |
_aPolitical corruption _zAfrica. _910548 |
|
| 651 | 0 |
_aAfrica _xPolitics and government _y1960- |
|
| 651 | 0 |
_aAfrica _xSocial conditions _y1960- |
|
| 906 |
_a7 _bcbc _corignew _d1 _eocip _f20 _gy-gencatlg |
||
| 942 |
_2lcc _cMONOGRAPH |
||
| 999 |
_c131381 _d131381 |
||